Countries Producing the Most Blueberries (2016) - Statistics

General Stats
  • This quiz has been taken 1,622 times
  • The average score is 14 of 20
Answer Stats
100 tonnes country % Correct
2693 United States
99%
1787 Canada
95%
94 France
91%
107 Germany
89%
33 Russia
89%
64 Spain
88%
17 Italy
87%
291 Mexico
86%
147 Poland
79%
66 Portugal
72%
13 Ukraine
72%
79 Netherlands
64%
35 Australia
62%
21 Romania
59%
4 Switzerland
56%
1 Bulgaria
52%
32 New Zealand
51%
31 Peru
50%
3 Latvia
33%
7 Uzbekistan
13%
No matching quizzes found
Score Distribution
Percent of People with Each Score
Percentile by Number Answered
Your Score History
You have not taken this quiz